Datum a čas kvízu
29
Celkem bodů
Celkový počet nahraných bodů na tomto kvízu bez doplňovacích otázek.
5.
Pořadí na kvízu
Konečné umístění týmu na tomto kvízu.
Zaznamenané odpovědi
| # | Otázka | Odpověď | Body | Výsledky |
|---|---|---|---|---|
| 1. | Minulý týden se rozhodlo o kon... | rumové pralinky | 1 | |
| 2. | Co by chtěl podle svých slov z... | národní menu | 0 | |
| 3. | Jedna hvězda akčních filmů zav... | Jean-Claude Van Damme | 1 | |
| 4. | Ostravský rodák Karel Orlita,... | exorcistů (vymítačů ďábla). | 1 | |
| 5. | Nejdřív ne, nakonec ano... Kte... | Tomáš Čvančara | 1 | |
| 6. | Fiktivní věda může být ta, kte... | warp | 0 | |
| 7. | Od konce 19. století už je pře... | éter | 1 | |
| 8. | Někdy se stává, že z těžko pře... | Jules Verne | 1 | |
| 9. | Mezi lety 2004 a 2010 byl v pr... | Ztraceni, J.J. Abrams | 0 | |
| 10. | Nemůžeme opomenout Járu Cimrma... | dvoudílné plavky | 0 |